|
|
|
|
| LEADER |
00000cam a2200000 c 4500 |
| 001 |
274274175 |
| 003 |
DE-627 |
| 005 |
20251222212621.0 |
| 007 |
tu |
| 008 |
990101s1987 xx ||||| 00| ||und c |
| 020 |
|
|
|a 0226559610
|9 0-226-55961-0
|
| 035 |
|
|
|a (DE-627)274274175
|
| 035 |
|
|
|a (DE-576)013636782
|
| 035 |
|
|
|a (DE-599)GBV274274175
|
| 035 |
|
|
|a (OCoLC)246627204
|
| 035 |
|
|
|a (OCoLC)15224497
|
| 040 |
|
|
|a DE-627
|b ger
|c DE-627
|e rakwb
|
| 082 |
0 |
|
|a 345.73/01
|
| 082 |
0 |
|
|a 347.3051
|
| 100 |
1 |
|
|a McIntyre, Lisa J.
|0 (DE-627)1234632322
|0 (DE-576)164632328
|4 aut
|
| 109 |
|
|
|a McIntyre, Lisa J.
|a MacIntyre, Lisa J.
|a MacIntyre, Lisa
|
| 245 |
1 |
4 |
|a The public defender
|b the practice of law in the shadows of repute
|c Lisa J. McIntyre
|
| 264 |
|
1 |
|a Chicago [u.a.]
|b Univ. of Chicago Pr.
|c 1987
|
| 300 |
|
|
|a XIV, 199 S
|b Ill., graph. Darst
|
| 336 |
|
|
|a Text
|b txt
|2 rdacontent
|
| 337 |
|
|
|a ohne Hilfsmittel zu benutzen
|b n
|2 rdamedia
|
| 338 |
|
|
|a Band
|b nc
|2 rdacarrier
|
| 490 |
0 |
|
|a Studies in crime and justice
|
| 583 |
1 |
|
|a Archivierung prüfen
|c 20200919
|f DE-640
|z 2
|2 pdager
|
| 700 |
1 |
|
|a MacIntyre, Lisa J.
|4 aut
|
| 935 |
|
|
|i Blocktest
|
| 951 |
|
|
|a BO
|
| ELC |
|
|
|b 1
|
| LOK |
|
|
|0 000 xxxxxcx a22 zn 4500
|
| LOK |
|
|
|0 001 328227338X
|
| LOK |
|
|
|0 003 DE-627
|
| LOK |
|
|
|0 004 274274175
|
| LOK |
|
|
|0 005 20151023145230
|
| LOK |
|
|
|0 008 880129||||||||||||||||ger|||||||
|
| LOK |
|
|
|0 040
|a DE-21
|c DE-627
|d DE-21
|
| LOK |
|
|
|0 852
|a DE-21
|
| LOK |
|
|
|0 852 1
|c KB 18 A 3229
|9 00
|
| LOK |
|
|
|0 935
|a krim
|
| LOK |
|
|
|0 939
|a 29-01-88
|b l01
|
| ORI |
|
|
|a SA-MARC-krimdoka001.raw
|
| SIG |
|
|
|a UB: KB 18 A 3229
|